000
00312nam a2200145Ia 4500
100
_a
Antonovich/ Michael
942
_c
BK
654
_a
Fox pro 2
245
_a
Fox Pro 2 Programming guide
260
_b
Galgotia
_a
New Delhi
_c
1993
082
_a
5.131
_b
ANT
300
_a
579
546
_a
ENGLISH
999
_c
21359
_d
21359